[Event "RUS-CHN Summit Juniors 2nd"]
[Site "Moscow"]
[Date "2004.08.10"]
[Round "1"]
[White "Nepomniachtchi, Ian"]
[Black "Zhou, Jianchao"]
[Result "1/2-1/2"]
[WhiteElo "2476"]
[BlackElo "2385"]
[Annotator "Rogozenco,D"]
[PlyCount "94"]
[EventDate "2004.08.10"]
[EventType "schev"]
[EventRounds "6"]
[EventCountry "RUS"]
[SourceTitle "CBM 103"]
[Source "ChessBase"]
[SourceDate "2004.11.11"]
[SourceVersion "1"]
[SourceVersionDate "2004.11.11"]
[SourceQuality "1"]
[WhiteTeam "Russia"]
[BlackTeam "China"]
[WhiteTeamCountry "RUS"]
[BlackTeamCountry "CHN"]

1. e4 c5 2. c3 d5 3. exd5 Qxd5 4. d4 Nf6 5. Nf3 Bg4 6. Be2 {The old move. In
their attempts to fight for advantage White players are trying various ways
already at such an early stage. Currently a fashionable continuation is 6.dxc5.
} e6 7. h3 Bh5 8. O-O (8. c4 Qd8 $11) 8... Nc6 9. Be3 cxd4 10. cxd4 Be7 11. Nc3
Qd6 12. Qb3 O-O 13. Rfd1 Rfd8 $11 14. a3 a6 15. Na4 $6 {In my opinion a
doubtful plan, although the young Russian player has played it before (two
months prior to the present game) and probably has a different opinion about
it. The knight leaves the center in hope to provoke some pawn weaknesses.
However, the entire opening line offers Black very solid, good position and
therefore any moment he can start thinking of playing for advantage,
especially after such a dubious strategy from White.} ({Objectively best is} 
15. Rac1 b5 16. d5 {Time to equalise and make a draw. But this is of course
not the way to play one would recommend 14-years old talented boy. Perhaps a
closer look to their opening repertoire is the right recomendation for players
who use to play these opening lines as White.} Na5 17. Qa2 Nxd5 (17... exd5 18.
g4 Bg6 19. g5 $36) 18. Nxd5 exd5 19. Bc5 Qf6 20. Rxd5 Bxc5 21. Rdxc5 Bg6 {
leads to a well-known drawish position.}) 15... Nd5 (15... b5 {This must be
the move, which White was willing to provoke. He wants to attack Black's
queenside with the help of a4 later.} 16. Nc5 Qd5 (16... Na5 17. Qc3 Qc7 18. a4
Nd5 {is another attractive possibility.}) 17. Rac1 {All this looks very
drawish too.} Rdc8 18. Qxd5 Nxd5 19. g4 Bg6 20. a4 Bxc5 (20... bxa4 $5 21. Bxa6
{Otherwise White is worse.} Rc7 $11) 21. Rxc5 bxa4 22. Ra1 Nb6 23. Ne5 Nb4 {
1/2-1/2 Nepomniachtchi,I-Zhigalko,S/Kirishi 2004 (36). Of course Black wasn't
forced to give up the bishop pair, even if his control over square d5 secures
an easy play.}) 16. Nc5 b6 (16... Na5 17. Qa4 Qb6 18. b4 Nc3 19. bxa5 Qb2 20.
Qc4 Nxe2+ 21. Kf1 Bxf3 22. gxf3 Nc3 23. Rdc1 Nd5 $17 {0-1 Salimaki,J-Holmsten,
A/Helsinki 1995 (46)}) (16... Nxe3 $6 17. fxe3 Rab8 18. Rac1 Qc7 19. Rc3 h6 20.
Rf1 $14 Bg6 $2 21. Nxe6 $1 fxe6 22. Ne5 $18 {1-0 Acs,P-Madl,I/Budapest 1997 
(34)}) 17. Ne4 $146 (17. Nb7 Na5 18. Nxa5 bxa5 19. Qa4 Rab8 $13 {/= 0-1
Lautier,J-Topalov,V/Monte Carlo (blind) 1998 (64)}) 17... Qb8 18. Rac1 Bg6 {
Usually Black shouldn't unpin the knight f3 so easy, but here he has a
concrete idea in mind.  There are lots of other attractive options as well.} (
18... Qb7 19. Nc5 $140 Qa7 20. Nxa6 Bxf3 21. gxf3 Rac8 $44) (18... Na5 19. Qa4
Nb7 {[%cal Gb7d6]}) 19. Nc3 {White reached his goal and returned with the
knight back to c3. In the last three moves he provoked ...b6 and also in some
variations the queen on b8 and bishop on g6 can be placed slightly worse than
on d6 and h5 respectively. That's why Black correctly decides to take on e3
and change the structure, eliminating at the same time a potentially active
piece (the B from e3 can be very strong after Nf3-e5 at some point).} Nxe3 $1 (
19... Qb7 20. Nxd5 $1 exd5 (20... Rxd5 21. Nd2 $36 {[%cal Ge2f3]}) 21. Ne5 Nxe5
22. dxe5 $14) 20. fxe3 b5 $1 {[%cal Gc6a5]} (20... Na5 21. Qa4 $11) 21. Bd3 Na5
22. Qc2 Nc4 23. Bxg6 hxg6 24. Qe2 Qb7 {Black has a better pawn structure and
although White is well centralized, the pawn formation is a more permanent
factor and White's weaknesses can cause him problems in the future.} 25. a4 {
Not easy for White to find a constructive plan. This looks active, but also
has drawbacks - the advance ...b5-b4 becomes always possible, disturbing the
knight c3.} (25. Rc2 $142 $15) 25... Nd6 $1 26. Ne5 {Another active move,
which is already a serious inaccuracy, allowing Black to transpose the bishop
on the diagonal c1-h6.} (26. axb5 axb5 27. Rc2 b4 28. Nb1 Qe4 $15) 26... Bg5 $1
{[%csl Re3]} 27. Qd3 {White starts to feel uncomfortable - he needs to defend
against the threat ...Nf5.} Rac8 28. axb5 axb5 29. Nf3 Bh6 $1 $15 {/-/+} ({
Better than} 29... Bf6) 30. Re1 b4 31. Ne2 Qb5 $15 32. Qb3 Qd5 33. Rxc8 (33.
Qd3 Nc4 $17) 33... Rxc8 (33... Qxb3 $2 34. Rxd8+ Kh7 35. Rxd6) 34. Qxb4 {
A sad necessity, at least keeping material equality. Slowly White's position
became critical. Starting with this moment Nepomniashchy defends very
accurately and saves half a point.} (34. Qxd5 Bxe3+ $19) 34... Bxe3+ 35. Kh2
Rc2 {A very natural active move, which unexpectedly turns out to be a mistake.
White's main problem is that he has no activity at all and in fact he is
almost in zugzwang. This rook move to c2 allows White to activate the queen.
On b8 the queen will control the 8th rank, which sometimes can be very
dangerous in connection with a check on g5 by a knight (see for instance the
variation 37...Nf5). Moreover, from b8 the queen protects the pawn b2 and
controls important squares on the diagonal b8-h2. Actually b8 is the best
square for white queen in this position.} (35... Nf5 36. Kh1 Qa8 $3 {This
extremely difficult move to find is probably the most convincing way to win.
Black runs away from the tempo Nc3 and also prepares Rb8 sometimes. From a8
the queen has the same influence on White's kingside and at the same time
controls the backrank and can become active on the a-file. White cannot hold
the position:} 37. Qa3 (37. Rd1 Rc2 38. Re1 Rxe2 39. Rxe2 Ng3+ $19) (37. Ne5
Rc2 38. Kh2 Bxd4 $19) (37. Qb5 Rb8 38. Qe5 (38. Qd3 Rxb2 $19) 38... Rxb2 39. d5
Rb6 40. g4 f6 41. Qe4 exd5 42. Qd3 d4 43. Nexd4 Bd2 $1 $19) (37. Nc3 Rb8 38.
Qa3 Qb7 $19 (38... Qxa3 39. bxa3 Rb3 $19)) 37... Qxa3 38. bxa3 Rc2 {[%csl Ra3,
Rd4] Black is technically winning.}) (35... Ne4 {is not bad either, with
obvious advantage.}) 36. Qb8+ Kh7 (36... Rc8 $1 37. Qb4 Nf5 {would have
returned to previous variations.}) 37. Kh1 $1 Bf2 (37... Nf5 38. Nc3 Qc4 (38...
Qd7 39. Rxe3 Nxe3 40. Ng5+ Kh6 41. Qf4 Rc1+ 42. Kh2 Nf1+ 43. Kg1 Nd2+ $11) 39.
Ne4 $132) (37... Rc8 38. Qa7) 38. Nc3 $1 Rxc3 (38... Qf5 39. Rf1) 39. bxc3 Bxe1
40. Nxe1 Ne4 41. Qc7 f6 (41... Qf5 {brings nothing:} 42. Nf3) 42. Nf3 $15 {/=}
Qb3 (42... Qf5 $142) 43. c4 Qe3 44. Kh2 Nc3 45. Qg3 $1 {Now White is
completely out of danger.} Ne2 46. Qh4+ Kg8 47. Qg3 Kh7 1/2-1/2

[Event "NED-chT playoff"]
[Site "Enschede"]
[Date "2004.05.21"]
[Round "2"]
[White "Lemmers, Oscar"]
[Black "Van Wely, Loek"]
[Result "0-1"]
[WhiteElo "2379"]
[BlackElo "2651"]
[Annotator "Rogozenco,D"]
[PlyCount "146"]
[EventDate "2004.05.20"]
[EventType "team"]
[EventRounds "2"]
[EventCountry "NED"]
[SourceTitle "CBM 101"]
[Source "ChessBase"]
[SourceDate "2004.07.27"]
[SourceVersion "1"]
[SourceVersionDate "2004.07.27"]
[SourceQuality "1"]

1. e4 c5 2. c3 Nf6 3. e5 Nd5 4. Nf3 Nc6 5. d4 cxd4 6. Bc4 Nb6 7. Bb3 d5 8. exd6
Qxd6 9. O-O Be6 10. Bxe6 Qxe6 11. Nxd4 Nxd4 12. Qxd4 Rd8 13. Qh4 Qe2 14. Bd2
Rxd2 $6 15. Nxd2 Qxd2 16. Rfd1 Qxb2 {Loek must have either mixed something up,
or analyzed this position extremely deep. The first supposition sounds more
realistic to me.} (16... Qh6 $142) 17. a4 $1 {Oscar is well prepared. This is
the strongest move.} Nc8 $146 (17... f6 18. a5 $18 {1-0 Erenburg,S-Selin,O/
Alushta 2002 (22)}) 18. Rab1 Qe2 19. Qd4 Nd6 20. Rxb7 $1 {Once I recommeded
all this as winning for White and I still believe so. But possibly Loek knows
better.} f6 21. Rxa7 Ne4 22. Rd7 ({After} 22. a5 {Black has} Nxc3 ({or} 22...
Nxf2)) (22. Rb1 $5) 22... Kf7 23. f3 Ng5 24. a5 {White's main task is to push
the a-pawn.} Ne6 25. Qd3 $4 {Instead of this uninspired decision, White could
reach very big advantage with two other moves:} (25. Qd5 g6 26. Qd6 {[%csl Re7,
Rf4][%cal Ga5a6] d6 is an ideal square for the queen: she controls important
squares a6, e7 and f4.} Kg8 {Paradoxically, this might be the only answer,
which offers Black some hope to fight for a draw, although in a practical game
it is extremely difficult to make such a move. The idea is to unpin the pawn
e7 and chase away the queen from d6.} (26... Qe3+ 27. Kh1 Nc5 (27... Qxc3 28.
a6 Qa5 29. a7 f5 30. Rb1 $18) 28. Qd5+ Kg7 29. Rc7 Ne6 (29... Na6 30. Rc6 Qe2
31. Qd3 $18) 30. Rc6 Nf4 31. Qe4 Qxe4 32. fxe4 $18) (26... Kg7 27. a6 $18) 27.
Qb6 (27. Qc6 Bh6 28. Kh1 Nf4 29. R7d2 Qe3 30. a6 Kf7 31. Rd7 {threatening Rxe7+
} Re8 $1 $13) 27... Bh6 (27... Nf4 28. R7d2 Qe5 29. a6 $16 {/+-}) 28. Kh1 Bf4 (
28... Kf7 $2 29. Rxe7+ $1 Kxe7 30. Qb7+ Kf8 31. Qc8+ $18) 29. a6 $16 {[%csl
Rh8] /+-}) ({Possibly even stronger is the immediate} 25. Qd6 {after which
Black looks completely paralized:} Kg6 (25... Qe3+ 26. Kh1 Qxc3 (26... Nf4 27.
a6 $18) (26... Nc5 27. Rc7 (27. a6 Nxd7 28. Qxd7 g6 29. a7 Bh6 30. a8=Q Rxa8
31. Qd5+ Kg7 32. Qxa8 Qxc3) 27... Ne6 28. Qd5 $18 {[%cal Gc7c6,Gc7c8,Ga5a6]}
Kg6 29. Rc8 Qe2 30. Qe4+ $18 {The simplest.}) 27. a6 $18) 26. Qd3+ $5 {
Comparing to the game Black cannot develop quickly with g6 here and the a-pawn
decides:} Qxd3 27. R7xd3 $1 {White is easily winning.} Nc5 (27... Nf4 28. Rd8)
(27... Kf7 28. a6 g6 29. Rd8 $3 $19 {Am extra tempo comparing to the game is
decisive here.}) 28. Rd8 $18 {[%cal Gd8a8,Ya5a6,Ya6a7]} e5 29. Kf1 {[%cal
Gd8a8,Yd1d8] White is no hurry here. With the rook on the 8th rank things are
simple. The only thing to take care about is a check on c5, that's why it
makes sense to remove the king from that diagonal.}) 25... Qxd3 26. R7xd3 g6 {
Black's chances are already preferable. Without queens White cannot create any
threats against opponent's king and the a-pawn will soon be stopped.} 27. c4 (
27. a6 Bh6 28. a7 Ra8 29. Ra1 Nc5 $17 {[%cal Gh6e3]}) (27. Rd8 Nxd8 28. Rxd8 e5
29. Rc8 Rg8 30. a6 Be7 $19) 27... Bh6 28. a6 Ra8 29. Ra3 Bf4 30. Rb1 Bd6 31.
Ra2 Ke8 32. g3 Kd7 33. Kg2 Kc6 $17 34. a7 Nc5 35. h4 h5 36. g4 Bc7 37. Rb5 e5
38. Rb1 Bb6 39. Rb5 Rxa7 40. Rxa7 Bxa7 41. Ra5 Kb7 42. Kf1 Bb6 43. Ra2 Ne6 44.
gxh5 gxh5 45. Rg2 Kc6 46. Rg8 Bd4 47. Rg6 Nf4 48. Rxf6+ Kc5 49. Ra6 Kxc4 50.
Rc6+ Kd5 51. Rh6 Bc5 52. Rh7 Ke6 53. Rh6+ Kf7 54. Rh7+ Kf8 55. Ke1 Be7 56. Kd2
Bxh4 57. Ke3 Nd5+ 58. Kd3 Nf6 59. Rb7 Bg3 60. Ke2 h4 61. Kf1 h3 62. Kg1 Kg8 63.
Kh1 Bf4 64. Kg1 Nh5 65. Kh1 Ng7 66. Rb8+ Kh7 67. Rb6 Nh5 68. Ra6 Kg7 69. Rb6
Bg3 70. Ra6 Nf4 71. Rd6 Kf7 72. Rh6 Nd3 73. Kg1 Nf2 0-1

[Event "Vidmar Memorial 15th"]
[Site "Terme Zrece"]
[Date "2003.08.19"]
[Round "2"]
[White "Sermek, Drazen"]
[Black "Borisek, Jure"]
[Result "1/2-1/2"]
[WhiteElo "2577"]
[BlackElo "2443"]
[Annotator "Rogozenco,D"]
[PlyCount "128"]
[EventDate "2003.08.17"]
[EventType "tourn"]
[EventRounds "9"]
[EventCountry "SLO"]
[EventCategory "12"]
[SourceTitle "CBM 097"]
[Source "ChessBase"]
[SourceDate "2003.11.11"]
[SourceVersion "1"]
[SourceVersionDate "2003.11.11"]
[SourceQuality "1"]

1. e4 c5 2. c3 Nf6 3. e5 Nd5 4. Nf3 Nc6 5. d4 cxd4 6. cxd4 d6 7. Bc4 dxe5 $5 {
A good alternative to the main 7...Nb6, where currently White achieved good
results in the variation with a pawn sacrifice, mentioned below. 7...dxe5 is a
old move, which lost popularity because it was considered that Black can
easier equalize with 7...Nb6.} (7... Nb6 8. Bb3 dxe5 9. d5 Na5 10. Nc3 $44) 8.
Bxd5 {Kaidanov's novelty from ...1975 (!) is still considered by the theory to
be the best reaction. White gets a strong passed pawn, but the evaluation
should be reconsidered, since Black will have enough counterchances in the
arising unbalanced positions.} (8. dxe5 Ndb4 9. Qb3 (9. Qxd8+ Nxd8 $11) 9... e6
10. O-O Na5 (10... Bd7 $5) 11. Bb5+ Bd7 12. Qa4 Bxb5 13. Qxb5+ Nac6 $11) (8.
Qb3 e6 $11) (8. Nxe5 {This looks like White's best attempt to fight for
advantage in a position with isolated pawn. On the other hand the knight on e5
will lead to future exchanges, favouring Black.} {After} e6 {the position is
about equal.}) 8... Qxd5 9. Nc3 Qd6 (9... Qc4 10. d5 Nb8 $2 (10... Nb4 $142 $13
) 11. Nxe5 Qa6 12. Qf3 Qf6 13. Qe2 g6 14. Nc4 $16 {1-0 Kaidanov,G-Kalinitschew,
S/Leningrad 1975 (22)}) (9... Qd8 10. d5 Nb8 (10... e4 11. Ng5 Ne5 12. Qa4+ Nd7
$6 13. Bf4 $16 {1-0 Hellstrom,F-Sampieri,M/W-ch M515 corr 1990 (19)}) 11. Nxe5
e6 12. Qa4+ Bd7 13. Nxd7 Nxd7 14. dxe6 fxe6 15. O-O $16 {1-0 Hoffman,A-Juarez,
C/Villa Martelli 1997 (21)}) 10. d5 Nd4 $1 11. Nxd4 exd4 12. Qxd4 e5 13. Qd3
Bd7 14. O-O {In most theoretical sources this position is wrongly evaluated as
better for White. In fact Black has a fair good play.} (14. Ne4 $6 Qg6 15. O-O
f5 16. Ng3 Bd6 $15) 14... f5 (14... Qg6 15. Qxg6 hxg6 16. f4 $36) (14... Be7 $5
15. f4 O-O 16. fxe5 Qxe5 17. Bf4 Bc5+ 18. Kh1 Qd4 19. Qg3 Rfe8 20. Rad1 Qf6 $13
(20... Qb4 21. d6 $36 {[%cal Gc3d5]})) 15. Re1 Kf7 16. a4 (16. Bd2 e4 17. Qg3
Qxg3 18. hxg3 Rc8 19. Rac1 Be7 20. g4 g6 21. g5 Rc4 22. g3 h6 23. gxh6 g5 $17 {
0-1 Groszpeter,A-Szekely,P/Budapest 1978 (36)}) (16. Qe3 a6 17. Bd2 Re8 18. Qa7
Be7 19. Rad1 Ra8 20. Qe3 Bf6 21. Ne2 Rac8 22. Qb3 b5 23. Bb4 Qb6 24. d6+ Rc4
25. Qa3 Ra8 26. Ba5 Qb7 27. Rc1 Rac8 $15 {0-1 Okhotnik,V-Turzo,A/Eger 1994 (52)
}) 16... a6 (16... e4 17. Qe2 Qf6 18. Bf4 Bd6 19. Bxd6 Qxd6 $13 {1/2-1/2 Lalic,
S-Szekely,P/Haarlem 1996 (43)}) 17. b3 e4 18. Qh3 Rc8 19. Bb2 (19. Ba3 Qh6 $1 (
19... Qc7 20. Bb2 $14) 20. Qxh6 (20. Nxe4 Qxh3 21. Ng5+ Kf6 22. Nxh3 Bxa3 23.
Rxa3 Rhe8 24. Rd1 (24. Raa1 Rxe1+ 25. Rxe1 Rc3 $15) 24... g5 25. f4 g4 26. Nf2
Rc2 $44) 20... gxh6 21. Bxf8 Rxc3 22. Bxh6 Rxb3 $15 {0-1 Engelbert,C-Lanka,Z/
Hamburg 2002 (58)}) 19... Be7 20. Ba3 {White's maneuver 19.Bb2 followed by 20.
Ba3 fail to impress.} (20. Ne2 Rc2 21. Ba3 Qe5 22. Bxe7 Kxe7 23. Rad1 Kf7 $13 {
0-1 Rahls,P-Szekely,P/Berlin West 1988 (36)}) 20... Qh6 $1 {The broken pawn
structure arising after the exchange of queens will matter less than activity
of remaining pieces.} 21. Qxh6 gxh6 22. Ne2 (22. Bb2 Bf6 (22... Rhg8 $5 {
[%cal Ge7b4]}) 23. Rac1 Rhd8 $15) 22... Bxa3 23. Rxa3 Rc2 24. Raa1 Rhc8 25.
Rad1 (25. Rac1 $4 Rxe2 $19) 25... Rb2 26. Nd4 Kf6 27. h3 Rc5 28. g4 Rxd5 29.
Nxf5 Rxd1 30. Rxd1 Be6 (30... Bxf5 31. gxf5 Rxb3 32. Rd6+ Kxf5 33. Rxh6 $11)
31. Rd6 Ke5 32. Rb6 Bd5 33. Ne3 Rb1+ 34. Kg2 Bc6 35. Rb4 b5 $15 {[%csl Rb4]}
36. axb5 axb5 37. Kg3 Rc1 38. Nf5 Rc3+ 39. Kh4 Bd7 40. Ng3 Bc6 41. Nf5 Rd3 42.
Ne7 (42. Nxh6 $2 Kd5 $19) 42... Bd7 43. Nf5 Rf3 44. Nd4 Rxf2 45. Nxb5 e3 46.
Nc3 Bc6 47. Rc4 Bg2 (47... Bd5 48. Nxd5 (48. Rc5 $2 Kd4 49. Rxd5+ Kxc3 $19)
48... Kxd5 {In the rook endgame White's escape is not trivial.} 49. Rc7 (49.
Kg3 Rf1 50. Rc2 Ke4 $19) 49... Kd4 50. Rxh7 (50. Kg3 Rf6 51. Rd7+ Kc3 52. Re7
Kd2 53. Rd7+ Ke1 54. Rxh7 e2 $19) (50. Rd7+ Kc3 51. Rc7+ Kd2 52. Rd7+ Ke1 53.
Rxh7 e2 54. Rxh6 Rf3 55. Re6 Kf2 56. Rxe2+ Kxe2 $19) 50... e2 51. Rd7+ (51. Re7
Kd3 52. g5 (52. Kh5 Rf3 $19) 52... hxg5+ 53. Kxg5 Rf3 54. Rxe2 Kxe2 55. h4 Rg3+
56. Kf5 Rh3 57. Kg5 Kf3 58. h5 Ke4 59. h6 Ke5 60. Kg6 Ke6 61. h7 Rg3+ 62. Kh6
Kf7 $19) 51... Ke3 52. Re7+ Kf3 53. Kh5 Rf1 54. Rxe2 Kxe2 55. Kxh6 Rh1 56. g5
Rxh3+ 57. Kg6 Kf3 58. Kf6 Kg4 59. g6 Kh5 60. g7 $11) 48. Kg3 Ba8 49. Rc8 Rg2+
50. Kh4 Bf3 51. Re8+ Kd4 52. Nb5+ Kd3 53. Rd8+ Ke2 54. Nd4+ Kf2 55. Rf8 Rg3 56.
Nc2 e2 57. Ne1 (57. b4 $2 Rg1 $19 {[%cal Gg1c1]}) 57... Kxe1 58. Kxg3 Bd5 59.
Rd8 (59. b4 Kd1 60. Re8 e1=Q+ 61. Rxe1+ Kxe1 62. Kh4 $11) 59... Bxb3 60. Kg2
Bc2 61. h4 Be4+ 62. Kg1 h5 63. gxh5 Bc2 64. Rd4 Bb1 1/2-1/2